5è Consell general de la Xarxa Local de Serveis d'Atenció Domiciliària : V informe de gestió 2006 : III informe de l'Observatori V informe de gestió 2006 :
Descripción Física:
60 p. : gràf. ; 30 cm
MARC
| LEADER | 00000nam a2200000Ia 4500 | ||
|---|---|---|---|
| 001 | 19064 | ||
| 008 | 160829s2007 xx 000 0 cat d | ||
| 080 | |a S-1-248 | ||
| 245 | |a 5è Consell general de la Xarxa Local de Serveis d'Atenció Domiciliària : |b V informe de gestió 2006 : |b III informe de l'Observatori | ||
| 260 | |a Barcelona : |b Diputació de Barcelona. Àrea de Benestar Social, |c 2007 | ||
| 300 | |a 60 p. : |b gràf. ; |c 30 cm | ||
| 650 | |a Atenció domiciliària |x Barcelona (Província) |x Enquestes |9 44895 | ||
| 710 | 1 | |a Barcelona (Catalunya : Província). |b Xarxa Local de Serveis Socials d'Atenció Domiciliària |9 52962 | |
| 710 | 1 | |a Barcelona (Catalunya : Província). |b Àrea de Benestar Social |9 52988 | |
| 901 | |a Arxiu | ||
| 942 | |n 1 | ||
| 952 | |0 0 |1 0 |4 0 |6 S1248 |7 1 |9 52239 |a Arxiu |b Arxiu |d 2016-12-01 |l 0 |o S-1-248 |p 19064 |r 2016-12-01 00:00:00 |w 2016-12-01 |y ARXIU | ||
| 999 | |c 56087 |d 56087 | ||